Top 10 US States in Best Schools - Statistics

General Stats
  • This quiz has been taken 226 times
  • The average score is 8 of 10
Answer Stats
Rank State % Correct
8. Maine
88%
4. Vermont
88%
6. New Hampshire
86%
1. Massachusetts
85%
3. Connecticut
82%
2. New Jersey
81%
7. Virginia
72%
9. Delaware
63%
10. Minnesota
57%
5. Wisconsin
53%
No matching quizzes found
Score Distribution
Percent of People with Each Score
Percentile by Number Answered
Your Score History
You have not taken this quiz